| 000 | 01072njm a22002897a 4500 | ||
|---|---|---|---|
| 005 | 20100916142516.0 | ||
| 006 | a|||||r|||||00| 0 | ||
| 007 | sd ammalaaahaa | ||
| 008 | 100910t xxu||||| |||| 00| 0 eng d | ||
| 028 |
_a2392 147 _bPolydor |
||
| 035 | _aGR-02967 | ||
| 040 |
_aSED _cSED |
||
| 100 |
_aMohd Rafi _919365 |
||
| 245 |
_aShalimar / _csung by Mohd Rafi ; music by R.D. Burman ; lyric by Anand Bakshi _h[sound recording] : |
||
| 246 | _aशालीमार / | ||
| 260 |
_aDum Dum, India _bPolydor _c1978 |
||
| 300 |
_a1 sound disc [Gramophone Recording] : _banalog, 33 1/3 rpm _c12.5 in. (LP) _fGramaphone Records |
||
| 500 | _aBrief record | ||
| 500 | _aRecord Lebels : Polydor, Red | ||
| 505 | _aSide-1 (One Two Cha Cha Cha) (Uthup),--Side-2 (Aaina Wohi Rehta Hai) (Lata Mangeskar) | ||
| 600 |
_aMohd Rafi _920325 |
||
| 650 |
_2Excerpts. _aFilm Song _bIndia _919366 |
||
| 700 |
_aBurman, R.D. _920348 |
||
| 700 |
_aBakshi, Anand _920349 |
||
| 942 |
_2ddc _cGR |
||
| 999 |
_c46202 _d46202 |
||